Catalog

Record Details

Catalog Search



The witch of Hebron #2: a World made by hand novel ... Read More

Available copies

  • 1 of 1 copy available at LARL/NWRL Consortium.
  • 1 of 1 copy available at Lake Agassiz Regional Library. (Show preferred library)

Current holds

0 current holds with 1 total copy.

Show Only Available Copies
Location Call Number / Copy Notes Barcode Shelving Location Status Due Date
Moorhead Public Library KUN (Text) 33500011180973 Main Available -

Record details

  • ISBN: 9780802119612
  • ISBN: 0802119611
  • Physical Description: 334 p. ; 23 cm.
  • Edition: 1st ed.
  • Publisher: New York : Atlantic Monthly Press : c2010.

Content descriptions

General Note:
Sequel to World made by hand.
Summary, etc.:
In a post-oil America with no electricity, no ... Read More
Subject: Petroleum reserves > United States > Fiction.
Agriculture > Fiction.
New York (State) > Fiction.
Environmental disasters > Fiction.
United States > Civilization > Fiction.
Genre: Fantasy fiction.
LDR 01656cam a2200385Ia 4500
001124358
003LARL_NWRL_CONSORTIUM
00520101105084819.0
008100310s2010 nyu 000 1 eng d
020 . ‡a9780802119612
020 . ‡a0802119611
035 . ‡a(OCoLC)555627750
040 . ‡aBTCTA ‡beng ‡cBTCTA ‡dFN4 ‡dYDXCP ‡dBKX ‡dIH9 ‡dLIV ‡dBUR ‡dCDX ‡dVP@ ‡dOCLCQ ‡dBWX
043 . ‡an-us--- ‡an-us-ny
050 4. ‡aPS3561.U55 ‡bW58 2010
08204. ‡a813/.54 ‡222
1001 . ‡aKunstler, James Howard. ‡0(LARL_NWRL_CONSORTIUM)54386
24514. ‡aThe witch of Hebron ‡n#2: ‡ba World made by hand novel / ‡cJames Howard Kunstler.
250 . ‡a1st ed.
260 . ‡aNew York : ‡bAtlantic Monthly Press : ‡bDistributed by Publishers Group West, ‡cc2010.
300 . ‡a334 p. ; ‡c23 cm.
4900 . ‡aWorld made by hand ; ‡v2
500 . ‡aSequel to World made by hand.
520 . ‡aIn a post-oil America with no electricity, no Internet, dwindling resources, and little civic order, the residents of the small town of Union Grove, New York, must deal with roving bandits and a sinister cult that threatens to shatter the hamlet's stability.
650 0. ‡aPetroleum reserves ‡zUnited States ‡vFiction.
650 0. ‡aAgriculture ‡vFiction.
651 0. ‡aNew York (State) ‡vFiction. ‡0(LARL_NWRL_CONSORTIUM)166421
650 0. ‡aEnvironmental disasters ‡vFiction.
651 0. ‡aUnited States ‡xCivilization ‡vFiction.
655 7. ‡aFantasy fiction. ‡2gsafd
948 . ‡hNO HOLDINGS IN LAL - 453 OTHER HOLDINGS
994 . ‡aZ0 ‡bLAL
901 . ‡a124358 ‡bOCLC ‡c124358 ‡tbiblio

Additional Resources